000 00630nam a22002177a 4500
003 OSt
005 20210414104604.0
008 210306s1976 ||||| |||| 00| 0 eng d
020 _a0340208074
040 _aeng
_beng
_cDLC
041 _aeng
080 _a821.111
_bB-64
100 _91290
_aBlake, Henry
245 _aTalking with Horses
_b: A Study of Communication between Man and Horse
_c/ by: Coronet Books
260 _aLondon
_bCoronet Books
_c1976
300 _a189 p.
365 _b0.8 gbp
650 0 _9247
_aEnglish literature
653 _aინგლისური ლიტერატურა
942 _2udc
_cBK
999 _c2026
_d2026